| 000 | 02227nam0a2200421 4500 | ||
|---|---|---|---|
| 001 | RU\NLR\bibl\1433770 | ||
| 005 | 20260406085241.0 | ||
| 010 | _a978-5-9916-0081-1 | ||
| 021 |
_aRU _b2009-71449 _94434 |
||
| 035 | _a(NLR Aleph) 001425667 | ||
| 035 | _a(nilc)RSL-KNO-004380230 | ||
| 090 |
_a1370560 _c1370560 |
||
| 100 | _a20090827d2009 u y0rusy50 ca | ||
| 101 | 1 |
_arus _ceng |
|
| 102 | _aRU | ||
| 105 | _aa ||||||||| | ||
| 200 | 1 |
_aПять важнейших вопросов о вашей организации _fПитер Ф. Друкер, а также Джим Коллинз, Филип Котлер [и др.] _g[пер. О. П. Бурмакова] _gИн-т "От лидера к лидеру" |
|
| 210 |
_aМосква _cЮрайт _d2009 |
||
| 215 |
_a121 с. _cил. _d21 |
||
| 225 | 1 | _aИсточник вдохновения для организаций и людей, которые их возглавляют | |
| 300 | _aЗагл. и авт. ориг.: The five most important questions you will ever ask about your organization/Peter F. Drucker with Jim Collins, Philip Kotler [et al.] | ||
| 320 | _aБиблиогр.: с. 115-121 и в примеч. | ||
| 454 | 0 |
_12001#$aThe five most important questions you will ever ask about your organization$fPeter F. Drucker with Jim Collins, Philip Kotler [et al.] _1701#1$aDrucker$bP. F.$gPeter F.$4070 _tThe five most important questions you will ever ask about your organization |
|
| 600 | 1 |
_aДрукер _bП.Ф. _f1909 - 2005 _gПитер Фердинанд _91031963 _3RU\NLR\auth\66396019 |
|
| 606 | 1 |
_aОрганизации _xЭкономика _92277090 _3RU\NLR\auth\661364513 |
|
| 686 |
_aС555.371,0 _2rubbk |
||
| 686 | _aУ21(0)2д | ||
| 686 | _aУ29(0) | ||
| 701 | 1 |
_4070 _8rus _7ca _aДрукер _bП. Ф. _f1909-2005 _gПитер Фердинанд _3RU\NLR\AUTH\7759520 _942451 |
|
| 701 | 1 |
_4070 _8rus _7ca _aКоллинз _bД. _f1958- _gДжим _3RU\NLR\AUTH\7762814 _945744 |
|
| 701 | 1 |
_4070 _8rus _7ca _aКотлер _bФ. _gФилип _3RU\NLR\auth\7754260 _937192 |
|
| 801 | 0 |
_aRU _bРКП _c20090827 |
|
| 801 | 1 |
_aRU _bРГБ _c20090827 |
|
| 801 | 2 |
_aRU _bNLR _c20091105 _grcr |
|
| 942 | _cBOOK | ||
| 980 | _aNB | ||